Stati della Comunità di Stati Latinoamericani e dei Caraibi - Statistics

Statistiche generali
  • Questo quiz è stato fatto 16 volte
  • Il punteggio medio è 28 su 33
Statistiche sulle risposte
Continente Nazione % Corretto
America del Sud Argentina
100%
America del Sud Colombia
100%
America del Sud Bolivia
93%
America del Sud Cile
93%
America del Nord Cuba
93%
America del Sud Ecuador
93%
America del Nord Messico
93%
America del Nord Panama
93%
America del Sud Perù
93%
America del Nord Repubblica Dominicana
93%
America del Sud Venezuela
93%
America del Sud Brasile
87%
America del Nord Costa Rica
87%
America del Nord El Salvador
87%
America del Nord Giamaica
87%
America del Nord Guatemala
87%
America del Sud Guyana
87%
America del Nord Haiti
87%
America del Nord Honduras
87%
America del Sud Paraguay
87%
America del Sud Suriname
87%
America del Sud Uruguay
87%
America del Nord Bahamas
80%
America del Nord Belize
80%
America del Nord Nicaragua
80%
America del Nord Saint Lucia
80%
America del Nord Trinidad e Tobago
80%
America del Nord Antigua e Barbuda
73%
America del Nord Barbados
73%
America del Nord Dominica
73%
America del Nord Grenada
73%
America del Nord Saint Vincent e Grenadine
73%
America del Nord Saint Kitts e Nevis
67%
Nessun quiz corrispondente trovato
Distribuzione punteggi
Percentuale di utenti per punteggio
Percentile per numero di risposta
I tuoi punteggi nel tempo
Non hai fatto questo quiz